Refranes y dichos populares /

Guardado en:
書目詳細資料
主要作者: Hernández H., Hermógenes
格式: 圖書
語言:Spanish
出版: San José, Costa Rica Editorial Alma Mater 1987
版:1. edición
主題:
標簽: 添加標簽
沒有標簽, 成為第一個標記此記錄!

MARC

LEADER 00000nam a22000007a 4500
003 cru CIDCACS/IIS
005 20180723160506.0
008 180319b1987 cr ||||| |||| 00| 0 spa d
999 |c 41159  |d 41159 
040 |c cru CIDCACS/IIS 
090 |a 05.02.01 H557r 
100 1 |9 6808  |a Hernández H., Hermógenes 
245 1 |a Refranes y dichos populares /  |c Hermógenes Hernández H., director de la edición Rodrigo Ortíz Astúa. 
250 1 0 |a 1. edición  
260 |a San José, Costa Rica  |b Editorial Alma Mater  |c 1987 
300 |a 265 páginas 
500 |a Colección Alforja 
650 1 0 |9 623  |a CULTURA POPULAR 
650 1 0 |9 1413  |a CULTURA TRADICIONAL 
650 0 |9 5199  |a FOLKLORE 
651 1 0 |9 32  |a COSTA RICA 
942 |2 ddc  |c LI